000 01110nam a2200229Ia 4500
001 L248-15005
003 IT-CnALBA
008 170116s9999||||xx |||||||||||||| ||und||
040 _aIT-CnALBA
_cIT-CnALBA
041 _aITALIANO
100 _aBOLZON OLIVO, SACERDOTE
245 0 _aIL DIALOGO ECUMENICO. BREVE STORIA DEL MOVIMENTO ECUMENICO.
250 _a1a ed.
260 _aTREVISO
_bTREVIGIANA EDITRICE TIPOGRAFIA. TREVISO'
_c1966 [1° Ed.:1966 - Ed.Ling.Originale: 1966]
300 _a141 p. (prefazione: 7)
500 _aECUMENISMO. DIALOGO. PEDAGOGIA. CHIESA ORTODOSSA. PROTESTANTESIMO. CHIESA ANGLICANA. NON CATTOLICI. CHIESA CATTOLICA ROMANA. DECRETO CONCILARE. SETTIMANA DELL'UNITÀ. BIBLIOGRAFIA.
501 _aSocietà San Paolo EM - Piazza San Paolo, 14 - 12051 ALBA (CN) (non commercial uses only) ® Copyright 2017
520 _aECUMENISMO. DIALOGO. PEDAGOGIA. CHIESA ORTODOSSA. PROTESTANTESIMO. CHIESA ANGLICANA. NON CATTOLICI. CHIESA CATTOLICA ROMANA. DECRETO CONCILARE. SETTIMANA DELL'UNITÀ. BIBLIOGRAFIA.
650 _aASCETICA E MISTICA
942 _cBK
957 _71
999 _a19755
_bNO
_g Copie: 1
_c274174
_d274174